Centrum chorvátskej kultúry, Jarovce
Gespeichert in:
| 1. Verfasser: | |
|---|---|
| Weitere Verfasser: | |
| Format: | Manuskript Buch |
| Sprache: | Slowakisch |
| Veröffentlicht: |
2025
|
| Schlagworte: | |
| Online-Zugang: | http://is.stuba.sk/zp/portal_zp.pl?podrobnosti=168473 |
| Tags: |
Keine Tags, Fügen Sie das erste Tag hinzu!
|
MARC
| LEADER | 00000ntm a22000003a 4500 | ||
|---|---|---|---|
| 001 | stuzp105190 | ||
| 003 | SK-STU | ||
| 005 | 20250614213701.6 | ||
| 007 | ta | ||
| 008 | 150427s2015----xo-----f-mn---000-0-slo-d | ||
| 040 | |a STU |b slo | ||
| 041 | 0 | |a slo | |
| 100 | 1 | |a Papíková, Barbora |u 053130 |4 aut |U FAD Fakulta architektúry a dizajnu |T FAD Ústav dejín a teórie architektúry a obnovy pamiatok |X 115789 |U A3130 |Y 394 |7 115789 | |
| 242 | 0 | 1 | |a Croatian Cultural Center, Jarovce |y eng |
| 245 | 1 | 0 | |a Centrum chorvátskej kultúry, Jarovce |
| 260 | |c 2025 | ||
| 650 | 4 | |a cultural integration |2 eng | |
| 650 | 4 | |a cultural center |2 eng | |
| 650 | 4 | |a Croatian minority |2 eng | |
| 650 | 4 | |a kultúrna integrácia |2 slo | |
| 650 | 4 | |a kultúrne centrum |2 slo | |
| 650 | 4 | |a chorvátska menšina |2 slo | |
| 700 | 1 | |a Varga, Martin |u 053130 |k Z3 |4 ths |U FAD Fakulta architektúry a dizajnu |T FAD Ústav dejín a teórie architektúry a obnovy pamiatok |X 87973 |U A3130 |Y 394 |7 0000087973 | |
| 856 | 4 | |u http://is.stuba.sk/zp/portal_zp.pl?podrobnosti=168473 | |